| 000 | 01261nam a2200265 i 4500 | ||
|---|---|---|---|
| 001 | 113777 | ||
| 003 | ES-MaACL | ||
| 005 | 20250405234350.0 | ||
| 007 | t| | ||
| 008 | 061121s1908 fr r ||||1| fre d | ||
| 100 | 1 |
_aPaasch, Heinrich. _988082 |
|
| 245 | 1 | 0 |
_aDictionnaire de marine _b: anglais-français-allemand-espagnol-italien / _cCapt. Paasch. |
| 250 | _a4e éd. revisée et completée pour les parties anglaise et française par... Pièrre Challamel, pour la langue allemande par... F.E. Matthiesen &... August Budde... traduction espagnole par... P. Montojo... traduction italienne par Giusseppe Romairone... | ||
| 260 |
_aParis : _bChallamel, _c1908. |
||
| 300 |
_a603, 109, CLXXXV p. : _bil ; _c23 cm apais. |
||
| 594 | _aPrecede al tít.: From keell to truck . De la quille á la pomme du mat . Vom kiel zum flaggenknopp. De quilla a perilla. Dalla chiglia al pomo dell'albero. | ||
| 650 | 4 |
_aNavegación- _vDiccionarios políglotas. _9154848 |
|
| 700 | 1 |
_aMontojo, Patricio, _d1839-1917 _982670 |
|
| 700 | 1 |
_aChallamel, Pierre. _9154849 |
|
| 700 | 1 |
_aMatthiesen, F.-E. _9154850 |
|
| 700 | 1 |
_aBudde, August. _9154851 |
|
| 700 | 1 |
_aRomairone, Giuseppe. _9154852 |
|
| 852 | 4 |
_aES-MaACL _jG-6083 _z- Enc. edit. |
|
| 999 |
_c113777 _d113777 |
||